<?xml version="1.0" encoding="UTF-8"?>
<record
    xmlns:xsi="http://www.w3.org/2001/XMLSchema-instance"
    xsi:schemaLocation="http://www.loc.gov/MARC21/slim http://www.loc.gov/standards/marcxml/schema/MARC21slim.xsd"
    xmlns="http://www.loc.gov/MARC21/slim">

  <leader>00842nam a22002537a 4500</leader>
  <controlfield tag="005">20170123162337.0</controlfield>
  <datafield tag="010" ind1=" " ind2=" ">
    <subfield code="a">A-998747</subfield>
  </datafield>
  <datafield tag="020" ind1=" " ind2=" ">
    <subfield code="c">40.00</subfield>
  </datafield>
  <datafield tag="035" ind1=" " ind2=" ">
    <subfield code="a">A-998747</subfield>
  </datafield>
  <datafield tag="037" ind1=" " ind2=" ">
    <subfield code="b">Cen Lib/Ret</subfield>
  </datafield>
  <datafield tag="040" ind1=" " ind2=" ">
    <subfield code="a">DPL</subfield>
    <subfield code="b">UR</subfield>
  </datafield>
  <datafield tag="082" ind1=" " ind2=" ">
    <subfield code="a">270</subfield>
    <subfield code="b">&#x633; &#x644; &#x637;</subfield>
  </datafield>
  <datafield tag="100" ind1=" " ind2=" ">
    <subfield code="a">&#x633;&#x644;&#x637;&#x627;&#x646; &#x627;&#x62D;&#x645;&#x62F; &#x627;&#x635;&#x644;&#x627;&#x62D;&#x6CC; </subfield>
    <subfield code="9">113113</subfield>
  </datafield>
  <datafield tag="245" ind1=" " ind2=" ">
    <subfield code="a">&#x622;&#x632;&#x627;&#x62F;&#x6CC; &#x641;&#x6A9;&#x631; &#x648; &#x646;&#x630;&#x631; &#x627;&#x648;&#x631; &#x627;&#x633;&#x644;&#x627;&#x645; </subfield>
    <subfield code="c">&#x633;&#x644;&#x637;&#x627;&#x646; &#x627;&#x62D;&#x645;&#x62F; &#x627;&#x635;&#x644;&#x627;&#x62D;&#x6CC; </subfield>
  </datafield>
  <datafield tag="246" ind1=" " ind2=" ">
    <subfield code="a">Azadi fikr-o-nazar aur islam /</subfield>
    <subfield code="b">by Sultan Ahmad Islahi </subfield>
  </datafield>
  <datafield tag="260" ind1=" " ind2=" ">
    <subfield code="a">&#x639;&#x644;&#x6CC;&#x6AF;&#x691;&#x6BE; </subfield>
    <subfield code="b">&#x627;&#x62F;&#x627;&#x631;&#x6C1; &#x62A;&#x62D;&#x642;&#x6CC;&#x642;&#x648; &#x62A;&#x635;&#x646;&#x6CC;&#x641; &#x627;&#x633;&#x644;&#x627;&#x645; </subfield>
    <subfield code="c">1999</subfield>
  </datafield>
  <datafield tag="270" ind1=" " ind2=" ">
    <subfield code="b">&#x639;&#x644;&#x6CC;&#x6AF;&#x691;&#x6BE; </subfield>
    <subfield code="a">&#x67E;&#x646;&#x648;&#x627;&#x631;&#x6CC; &#x6A9;&#x648;&#x679;&#x6BE;&#x6CC; &#x62F;&#x648;&#x62F;&#x6BE;&#x67E;&#x648;&#x631; </subfield>
  </datafield>
  <datafield tag="300" ind1=" " ind2=" ">
    <subfield code="a">126p.</subfield>
    <subfield code="c">21cm(Hb)</subfield>
  </datafield>
  <datafield tag="650" ind1=" " ind2=" ">
    <subfield code="a">&#x645;&#x630;&#x6C1;&#x628;</subfield>
    <subfield code="9">536</subfield>
  </datafield>
  <datafield tag="650" ind1=" " ind2=" ">
    <subfield code="a">&#x627;&#x633;&#x644;&#x627;&#x645; </subfield>
    <subfield code="9">124976</subfield>
  </datafield>
  <datafield tag="650" ind1=" " ind2=" ">
    <subfield code="a">Religion</subfield>
    <subfield code="9">124977</subfield>
  </datafield>
  <datafield tag="650" ind1=" " ind2=" ">
    <subfield code="a">Islam</subfield>
    <subfield code="9">5289</subfield>
  </datafield>
  <datafield tag="942" ind1=" " ind2=" ">
    <subfield code="2">ddc</subfield>
    <subfield code="c">UR</subfield>
    <subfield code="h">270</subfield>
    <subfield code="m">&#x633; &#x644; &#x637;</subfield>
  </datafield>
  <datafield tag="999" ind1=" " ind2=" ">
    <subfield code="c">108251</subfield>
    <subfield code="d">108251</subfield>
  </datafield>
  <datafield tag="952" ind1=" " ind2=" ">
    <subfield code="0">0</subfield>
    <subfield code="1">0</subfield>
    <subfield code="4">0</subfield>
    <subfield code="7">0</subfield>
    <subfield code="a">L</subfield>
    <subfield code="b">L</subfield>
    <subfield code="d">2016-01-16</subfield>
    <subfield code="e">Cen Lib/Ret</subfield>
    <subfield code="g">40.00</subfield>
    <subfield code="l">0</subfield>
    <subfield code="o">270 &#x633; &#x644; &#x637;</subfield>
    <subfield code="p">A-998747</subfield>
    <subfield code="r">2016-01-16 00:00:00</subfield>
    <subfield code="t">1</subfield>
    <subfield code="v">40.00</subfield>
    <subfield code="w">2016-01-16</subfield>
    <subfield code="y">UR</subfield>
  </datafield>
</record>
